Problémy cen, mezd a materiálních podmínek života lidu v Čechách v 17. - 19. století Acta Universitatis Carolinae - Philosophica et Historica 3 - 1977

Na minha lista:
Detalhes bibliográficos
Formato: Livro
Idioma:tcheco
Publicado em: Praha Univerzita Karlova 1977
Colecção:Studia Historica 17
Tags: Adicionar Tag
Sem tags, seja o primeiro a adicionar uma tag!

MARC

LEADER 00000nam a2200000 4500
001 0215097
005 20221205071623.2
041 0 |a cze 
044 |a CZ 
245 1 0 |a Problémy cen, mezd a materiálních podmínek života lidu v Čechách v 17. - 19. století  |b Acta Universitatis Carolinae - Philosophica et Historica 3 - 1977 
264 1 |a Praha  |b Univerzita Karlova  |c 1977 
300 |a 191 s. 
490 1 |a Studia Historica  |v 17 
830 0 |a Studia Historica  |v 17